000 01377nam a2200253Ia 4500
999 _c56255
_d56255
001 23357
003 GE_BSU
005 20190501155237.0
008 181216s||||||||xx |||||||||||||| ||und||
040 _cGE_BSU
245 _aგადასახადები & აღრიცხვა. №20. 2018.
245 _bსაკონსულტაციო-ანალიტიკური ჟურნალი
245 _cრედ: კოტე უბირია, ექსპერტები:გონერ ურიდია,ჯემალ ძაგნიძე, მაია ნასარაია,და სხვ.
260 _aთბილისი
260 _c2018წელი
_aთბილისი,
300 _a54გვ;20სმ;
520 _aგამოდის თვეში ორჯერ
653 _aგადასახადები & აღრიცხვა. №20. 2018.
653 _aეკონომიკა
653 _aკანონმდებლობის მიმოხილვა, აღრიცხვა,ოფიციალური მასალები,ექსპერტის კონსულტაცია.
653 _aპერიოდიკა
700 _aრედ:უბირია, კოტე უბირია,
_eრედაქტორი
_9595
942 _cCR
_2udc